| 000 | 00882aab a2200205 i 4500 | ||
|---|---|---|---|
| 001 | 768714001 | ||
| 003 | CO-MdFUSB | ||
| 005 | 20240320114215.0 | ||
| 008 | 240315t1992 ag ||||| |||| 00| 0 spa d | ||
| 040 |
_bspa _cCO-MdFUSB |
||
| 041 | _aspa | ||
| 100 | 1 |
_aCamargo López, Jesús _eautor |
|
| 245 | 1 | 3 |
_aEl dolor de la orfandad _c/ Jesús Camargo López , Carmen Pérez de Camargo |
| 300 |
_aVolumen 11, número 3 (julio - septiembre, 1992), páginas: 18-19 _c; 27 cm |
||
| 520 | _aExiste un fenómeno en América Latina que no concierne solamente a individuos carentes de padres, sino a generaciones que no han tenido padre varón. Este es el fenómeno de la orfandad. | ||
| 653 | _aOrfandad | ||
| 700 | 1 | _aPérez de Camargo, Carmen | |
| 773 | 0 |
_tIglesia y Misión _049402 _959656 _gVolumen 11, número 3 (julio - septiembre, 1992), páginas: 18-19 _qpáginas: 18 |
|
| 942 | _cANA | ||
| 999 |
_c51967 _d51967 |
||